000 01753nam a2200205 a 4500
008 180523t2004 ag ||||gr|||| 000 1 spa d
020 _a9506440441
041 _aspa
092 _c808
_l13
_sCOO
100 1 _aCook, Robin
_93090
245 _aConvulsión /
_cRobin Cook
250 _a1a ed.
_bTraducción Alberto Coscarelli
260 _aBuenos Aires:
_bPlaza & Janés;
_c2004.
300 _a480 p.
_c23x15 cm.
500 _aCook, R. (2004). Convulsión. (1a ed.). Buenos Aires : Plaza & Janés.
505 _a¿Qué tienen en común la Sábana Santa de Turín, un senador ultraconservador y un investigador científico? El laboratorio del doctor Lowell se dedica a la investigación con células madre y ha encontrado líneas terapéuticas prometedoras. Sin embargo su trabajo está amenazado por una legislación contraria a estas experimentaciones que ha presentado el senador Ashley y que daría al traste con los sueños de Lowell. Justo antes de la sesión del comité del Senado, Ashley descubre que sufre Parkinson, una de las enfermedades que podrán beneficiarse del nuevo tratamiento. Entonces el senador propone a Lowell un pacto sumamente arriesgado: que el médico le cure a cambio de paralizar el proyecto de ley. Además quiere que el ADN que se le implante procesa de la Sábana Santa... Una novela que tiene en cuenta la investigación biotécnica más actual, así como los múltiples interrogantes éticos que plantea. Y también una narración apasionante y llena de sorpresas, que deja la inquietante sensación de que la misma ciencia que nos promete un futuro mejor crea a la vez un riesgo incalculable.
590 _aProyecto 4to Libro. Donación Lara Victoria, Mayo 2018.
655 _aLiteratura
_92917
942 _2ddc
_cLIT
999 _c2791
_d2791